000 00315nam a22001217a 4500
020 _a0-13-164302-(
082 _a629.895 AST'C
100 _aWITTENMARK, B , ASTROM, K.J
_965345
245 _aCOMPUTER CONTROLLED SYSTEM , THEORY AND DESIGN
260 _aLONDON
_bPRENTICE HALL
_c1984
300 _a430P
942 _cBK
999 _c573588
_d573588